000 00582cam a22002291 4500
001 sa 64000611
003 DLC
005 20260227111957.0
008 890919s1963 ii 000 0 beno
010 _asa 64000611
035 _a(OCoLC)20366218
040 _aDLC
_cWaU
_dDLC
041 0 _abeneng
042 _apremarc
050 0 0 _aPK1718.D74
_bZ53
100 1 _aDutt, Michael Madhusudan,
_d1824-1873.
245 1 0 _aKabi Madhusūdana o tām̐ra patrābalī.
260 _c[1963]
300 _a274 p.
_c23 cm.
500 _aBengali or English.
700 1 _aGupta, Kshetra.
999 _c56349
_d56349